Câu hỏi và bài tập hóa học vô cơ Phần phi kim
সংরক্ষণ করুন:
| প্রধান লেখক: | |
|---|---|
| বিন্যাস: | গ্রন্থ |
| প্রকাশিত: |
Hà Nội
Khoa học và kĩ thuật
2012
|
| ট্যাগগুলো: |
ট্যাগ যুক্ত করুন
কোনো ট্যাগ নেই, প্রথমজন হিসাবে ট্যাগ করুন!
|
| Thư viện lưu trữ: | Trung tâm Học liệu Lê Vũ Hùng, Trường Đại học Đồng Tháp |
|---|
| LEADER | 00571pam a22001578a 4500 | ||
|---|---|---|---|
| 001 | 00038718 | ||
| 005 | 20190325090341.0 | ||
| 008 | 170516s2012 ||||||Viesd | ||
| 041 | 0 | # | |a Vie |
| 082 | 1 | 4 | |a 546.076 |b C125H |
| 100 | 1 | # | |a Nguyễn, Đức Vận |
| 245 | 0 | 0 | |a Câu hỏi và bài tập hóa học vô cơ |b Phần phi kim |c Nguyễn Đức Vận |
| 260 | # | # | |a Hà Nội |b Khoa học và kĩ thuật |c 2012 |
| 300 | # | # | |a 115 tr. |c 24 cm. |
| 852 | # | # | |b Kho đọc |
| 980 | # | # | |a Trung tâm Học liệu Lê Vũ Hùng, Trường Đại học Đồng Tháp |